01847 a2200217 45000010006000000050017000060080041000230030015000640400040000790800034001192450037001530200018001902500013002082640037002213000019002585051198002770410008014751000025014837000027015088560094015351376520260407155444.0260407a1997 arg spa dAR-UNSa-BCEJYS aAR-UNSa-BCEJYSbspacAR-UNSa-BCEJYS a342.9xDerecho Administrativo10aManual de derecho administrativo a950-21-0735-7 a10a. ed. 1aBuenos Aires :bPlus Ultrac1997 a431 p.c22 cm. a1. Introducción - 2. El Estado y sus funciones - 3. La administración pública - 4. El derecho administrativo - 5. Relaciones del derecho administrativo - 6. Fuentes del derecho administrativo - 7. Organización administrativa - 8. Los sujetos en el derecho administrativo - 9. Organización administrativa Argentina - 10. De los hechos y actos administrativos - 11. Clasificación de los actos administrativos - 12. La formación del acto administrativo - 13. Elementos del acto admionistrativo - 14. Caracteres del acto administrativo - 15. Nulidad de los actos administrativos - 16. Los vicios del acto administrativo - 17. Del saneamiento y de la conversión de los actos administrativos - 18. De la extinción de los actos administrativos - 19. La interpretación de los actos administrativos - 20. El acto de gobierno del órgano ejecutivo - 21. Contratos administrativos - 22. Procedimiento para la formación de los contratos que celebre la administración - 23. De la ejecución de los contratos administrativos - 24. De la extinción de los contratos administrativos - 25. Contrato de obra pública - 26. Concesión de obra pública - 27. Contrato de suministros  aspa1 aDiez, Manuel María1 aHutchinson, Tomás A.41uhttps://biblioeco.unsa.edu.ar/pmb/images/libros/L85532.jpgyImagen de portadaqimage/jpeg